Multiple Choice City Quiz – Havana - Statistics

General Stats
  • This quiz has been taken 10,458 times
    10,435 since last reset
  • The average score is 7 of 10
Answer Stats
Question Answer % Correct
Which of these cities lies closest to Havana? Miami
95%
Havana has the third largest ____ stadium in the world. Baseball
87%
What product does the Habanos company have a monopoly over? Cigars
86%
Who recorded the 2017 hit song "Havana"? Camila Cabello
80%
Which of these architectural styles is Havana NOT known for? Gothic
77%
What cocktail originated in Havana? Mojito
61%
What battleship blew up in Havana's harbor in 1898 – leading to the Spanish-American War and Cuba's independence? USS Maine
56%
What famous nightclub was founded in Havana in 1939? Tropicana
45%
Whose remains were located in Havana for 102 years until they were relocated to Seville? Christopher Columbus
44%
Standing at 20 meters, who does the tallest statue in Havana depict? Jesus Christ
21%
No matching quizzes found
Score Distribution
Percent of People with Each Score
Percentile by Number Answered
Your Score History
You have not taken this quiz since the last reset